Music Quiz

Random Music or Album Quiz

Combination Lock: Sounds of the Seventies Quiz Stats

 Plays Quiz Updated Mar 24, 2020

Support Sporcle.
Go Orange.
Score 0/99 Timer 15:00
0 Plays Today
Combo # &
Track Name
Answer % Correct
01 - Across the UniverseLet It Be (01-63-72)
76.2%
63 -The Long and Winding RoadLet It Be (01-63-72)
76.2%
72 - Get BackLet It Be (01-63-72)
76.2%
04 - Baba O'RileyWho's Next (04-37-97)
73.3%
37 -Behind Blue EyesWho's Next (04-37-97)
73.3%
97 - Won't Get Fooled AgainWho's Next (04-37-97)
73.3%
26 - Summer NightsGrease soundtrack (26-46-99)
69.3%
46 -Hopelessly Devoted To YouGrease soundtrack (26-46-99)
69.3%
99 - You're the One That I WantGrease soundtrack (26-46-99)
69.3%
03 - Another Brick in the Wall Part 2The Wall (03-42-86)
68.2%
42 -Comfortably NumbThe Wall (03-42-86)
68.2%
86 - Run Like HellThe Wall (03-42-86)
68.2%
10 - Funeral for a Friend / Love Lies BleedingGoodbye Yellow Brick Road (10-39-67)
68%
39 -Candle in the WindGoodbye Yellow Brick Road (10-39-67)
68%
67 - Bennie and the JetsGoodbye Yellow Brick Road (10-39-67)
68%
05 - Black DogLed Zeppelin IV (05-61-73)
65.6%
61 -Stairway to HeavenLed Zeppelin IV (05-61-73)
65.6%
73 - Going to CaliforniaLed Zeppelin IV (05-61-73)
65.6%
25 - Stayin' AliveSaturday Night Fever Soundtrack (25-47-80)
62.3%
47 -How Deep Is Your LoveSaturday Night Fever Soundtrack (25-47-80)
62.3%
80 - More Than A WomanSaturday Night Fever Soundtrack (25-47-80)
62.3%
19 - Movin' Out (Anthony's Song)The Stranger (19-51-87)
59.9%
51 -Just the Way You AreThe Stranger (19-51-87)
59.9%
87 - Scenes from an Italian RestaurantThe Stranger (19-51-87)
59.9%
09 - El Condor Pasa (If I Could)Bridge Over Troubled Water (09-40-92)
58.4%
40 -CeciliaBridge Over Troubled Water (09-40-92)
58.4%
92 - The BoxerBridge Over Troubled Water (09-40-92)
58.4%
11 - God Save the QueenNever Mind The Bollocks Here's The Sex Pistols (11-35-83)
57.3%
35 -Anarchy in the U.K.Never Mind The Bollocks Here's The Sex Pistols (11-35-83)
57.3%
83 - Pretty VacantNever Mind The Bollocks Here's The Sex Pistols (11-35-83)
57.3%
15 - Lookin' Out My Back DoorCosmo's Factory (15-66-96)
56.9%
66 -Up Around the BendCosmo's Factory (15-66-96)
56.9%
96 - Who'll Stop the RainCosmo's Factory (15-66-96)
56.9%
Combo # &
Track Name
Answer % Correct
07 - Don't StopRumours (07-45-98)
56.8%
45 -Go Your Own WayRumours (07-45-98)
56.8%
98 - You Make Loving FunRumours (07-45-98)
56.8%
32 - You Took the Words Right Out of My Mouth (Hot Summer Night)Bat Out Of Hell (32-65-82)
55.8%
65 -Two Out of Three Ain't BadBat Out Of Hell (32-65-82)
55.8%
82 - Paradise by the Dashboard LightBat Out Of Hell (32-65-82)
55.8%
08 - Don't Stop 'til You Get EnoughOff the Wall (08-57-88)
54.2%
57 -Rock With YouOff the Wall (08-57-88)
54.2%
88 - She's Out of My LifeOff the Wall (08-57-88)
54.2%
28 - Walk This WayToys In The Attic (28-38-89)
51.3%
38 -Big Ten Inch RecordToys In The Attic (28-38-89)
51.3%
89 - Sweet EmotionToys In The Attic (28-38-89)
51.3%
27 - Thunder RoadBorn To Run (27-62-79)
45%
62 -Tenth Avenue Freeze OutBorn To Run (27-62-79)
45%
79 - JunglelandBorn To Run (27-62-79)
45%
29 - War PigsParanoid (29-49-69)
44.5%
49 -Iron ManParanoid (29-49-69)
44.5%
69 - Fairies Wear BootsParanoid (29-49-69)
44.5%
23 - Show Me The WayFrampton Comes Alive (23-36-68)
43.2%
36 -Baby, I Love Your WayFrampton Comes Alive (23-36-68)
43.2%
68 - Do You Feel Like We Do?Frampton Comes Alive (23-36-68)
43.2%
18 - More Than a FeelingBoston (18-55-71)
43%
71 - Foreplay / Long TimeBoston (18-55-71)
43%
55 -Peace of MindBoston (18-55-71)
43%
20 - New Kid in TownHotel California (20-52-93)
41.4%
52 -Life in the Fast LaneHotel California (20-52-93)
41.4%
93 - The Last ResortHotel California (20-52-93)
41.4%
24 - Sir DukeSongs In The Key Of Life (24-48-76)
40.3%
48 -I WishSongs In The Key Of Life (24-48-76)
40.3%
76 - Isn't She Lovely?Songs In The Key Of Life (24-48-76)
40.3%
13 - I Feel the Earth MoveTapestry (13-60-77)
37.1%
60 -So Far AwayTapestry (13-60-77)
37.1%
77 - It's Too LateTapestry (13-60-77)
37.1%
Combo # &
Track Name
Answer % Correct
21 - Rockaway BeachRocket to Russia (21-59-90)
34%
59 -Sheena Is a Punk RockerRocket to Russia (21-59-90)
34%
90 - Teenage LobotomyRocket to Russia (21-59-90)
34%
56 -PegAja (06-56-78)
31.9%
06 - Deacon BluesAja (06-56-78)
31.9%
78 - JosieAja (06-56-78)
31.9%
14 - JammingExodus (14-64-81)
31%
64 -Turn Your Lights Down LowExodus (14-64-81)
31%
81 - One Love/People Get ReadyExodus (14-64-81)
31%
17 - Maggie MayEvery Picture Tells A Story (17-53-85)
30%
53 -Mandolin WindEvery Picture Tells A Story (17-53-85)
30%
85 - Reason To BelieveEvery Picture Tells A Story (17-53-85)
30%
02 - And It Stoned meMoondance (02-43-75)
26.5%
43 -Crazy LoveMoondance (02-43-75)
26.5%
75 - Into the MysticMoondance (02-43-75)
26.5%
16 - Lost in the SupermarketLondon Calling (16-41-94)
26.2%
41 -ClampdownLondon Calling (16-41-94)
26.2%
94 - Train in Vain (Stand By Me)London Calling (16-41-94)
26.2%
31 - Wild WorldTea For The Tillerman (31-58-70)
23.8%
58 -Sad LisaTea For The Tillerman (31-58-70)
23.8%
70 - Father and SonTea For The Tillerman (31-58-70)
23.8%
30 - Welcome to the Working WeekMy Aim Is True (30-34-91)
23.2%
34 -AlisonMy Aim Is True (30-34-91)
23.2%
91 - (The Angels Wanna Wear My) Red ShoesMy Aim Is True (30-34-91)
23.2%
33 - You're No GoodHeart Like A Wheel (33-50-95)
19.3%
50 -It Doesn't Matter AnymoreHeart Like A Wheel (33-50-95)
19.3%
95 - When Will I Be LovedHeart Like A Wheel (33-50-95)
19.3%
22 - Save the ChildrenWhat's Going On (22-54-74)
18.6%
54 -Mercy Mercy Me (The Ecology)What's Going On (22-54-74)
18.6%
74 - Inner City Blues (Makes Me Wanna Holler)What's Going On (22-54-74)
18.6%
12 - Help MeCourt and Spark (12-44-84)
16.2%
44 -Free Man in ParisCourt and Spark (12-44-84)
16.2%
84 - Raised on RobberyCourt and Spark (12-44-84)
16.2%

You're not logged in!

Compare scores with friends on all Sporcle quizzes.
OR
Log In

From the Vault

Women Singers of the 2000s

by babymonkee

Some of these artists could fit into more than one decade.
Remove Ads.
Support Sporcle.
Get the best of Sporcle when you Go Orange. This ad-free experience offers more features, more stats, and more fun while also helping to support Sporcle. Thank you for becoming a member.

Show Comments

Extras

Top Quizzes Today


Score Distribution

Your Account Isn't Verified!

In order to create a playlist on Sporcle, you need to verify the email address you used during registration. Go to your Sporcle Settings to finish the process.

Report this User

Report this user for behavior that violates our Community Guidelines.

Details: